| Tag |
First Indicator |
Second Indicator |
Subfields |
| LEADER |
00000cam a2200000Mi 4500 |
| 001 |
in00005490010 |
| 006 |
m o d |
| 007 |
cr ||||||||||| |
| 008 |
200618s1788 enk o 000 p eng d |
| 005 |
20240917182500.9 |
| 035 |
|
|
|a (OCoLC)on1244009287
|
| 040 |
|
|
|a UKAMD
|b eng
|e rda
|e pn
|c UKAMD
|d OCLCF
|d OCLCO
|d OCLCL
|
| 035 |
|
|
|a (OCoLC)1244009287
|
| 050 |
|
4 |
|a PR3605.M6
|
| 082 |
0 |
4 |
|a 821.7
|2 23
|
| 049 |
|
|
|a TXAM
|
| 100 |
1 |
|
|a More, Hannah,
|d 1745-1833,
|e author.
|
| 245 |
1 |
0 |
|a Slavery :
|b a poem,
|f 1788 /
|c by Hannah More.
|
| 250 |
|
|
|a First edition.
|
| 264 |
|
1 |
|a London :
|b T. Cadel,
|c 1788.
|
| 300 |
|
|
|a 1 online resource (1 volume (20 pages)).
|
| 336 |
|
|
|a text
|b txt
|2 rdacontent
|
| 337 |
|
|
|a computer
|b c
|2 rdamedia
|
| 338 |
|
|
|a online resource
|b cr
|2 rdacarrier
|
| 490 |
1 |
|
|a AM Scholar: Women's Studies.
|
| 500 |
|
|
|a "Collection: Women, Morality and Advice Literature: Manuscripts and Rare Printed Works of Hannah More (1745-1833) and her circle"--Home page.
|
| 500 |
|
|
|a "Original Microfilm Part: Part 1: Manuscripts, First Editions and Rare Printed Works of Hannah More"--Home page.
|
| 500 |
|
|
|a "Original Microfilm Reel: 15"--Home page.
|
| 535 |
1 |
|
|a The Clark Library, University of California Los Angeles
|
| 542 |
|
|
|f Material sourced from The Clark Library, University of Los Angeles.
|
| 588 |
|
|
|a Description based on online resource; title from scanned document's title page (viewed on June 18, 2020).
|
| 650 |
|
0 |
|a Slavery
|v Poetry
|v Early works to 1800.
|
| 650 |
|
7 |
|a Slavery
|2 fast
|
| 655 |
|
7 |
|a Electronic books.
|2 local
|
| 655 |
|
7 |
|a Early works
|2 fast
|
| 655 |
|
7 |
|a Poetry
|2 fast
|
| 710 |
2 |
|
|a Adam Matthew Digital (Firm),
|e digitiser.
|
| 758 |
|
|
|i has work:
|a Slavery (Text)
|1 https://id.oclc.org/worldcat/entity/E39PCGVccvVJ3RWjWfvtxbj9jC
|4 https://id.oclc.org/worldcat/ontology/hasWork
|
| 830 |
|
0 |
|a AM Scholar: Women's Studies.
|
| 856 |
4 |
0 |
|u http://proxy.library.tamu.edu/login?url=https://www.amscholar.amdigital.co.uk/Documents/Details/WomenMoralityAndAdviceLiterature_Part1_Reel15_Vol2
|z Connect to the full text of this electronic book
|t 0
|
| 955 |
|
|
|a Adam Matthew Scholar Women's Studies
|
| 994 |
|
|
|a 92
|b TXA
|
| 999 |
f |
f |
|s 55d49d4c-a0f5-4530-b375-382a233f556b
|i 5bae3126-7276-447d-a5a7-4b1257248bee
|t 0
|
| 952 |
f |
f |
|a Texas A&M University
|b College Station
|c Electronic Resources
|d Available Online
|t 0
|e PR3605.M6
|h Library of Congress classification
|
| 998 |
f |
f |
|a PR3605.M6
|t 0
|l Available Online
|